Madness and civilization : a history of insanity in the age of reason
Αποθηκεύτηκε σε:
| Κύριος συγγραφέας: | |
|---|---|
| Άλλοι συγγραφείς: | |
| Μορφή: | Βιβλίο |
| Γλώσσα: | English French |
| Δημοσίευση: |
London :
Routledge,
1995.
|
| Θέματα: | |
| Ετικέτες: |
Προσθήκη ετικέτας
Δεν υπάρχουν, Καταχωρήστε ετικέτα πρώτοι!
|
MARC
| LEADER | 00000cam a2200000 i 4500 | ||
|---|---|---|---|
| 001 | 1/89122 | ||
| 008 | 990908s1995 enk| ||| |||| ||eng|| | ||
| 020 | |a 0415040183 | ||
| 035 | |l 10052707 | ||
| 040 | |a GR-MyUa |b gre |e AACR2 | ||
| 041 | 1 | |a eng |h fre | |
| 082 | 7 | |a 157.209033 |2 (22) | |
| 100 | 1 | |a Foucault, Michel, |d 1926-1984. | |
| 245 | 1 | 0 | |a Madness and civilization : |b a history of insanity in the age of reason / |c Michael Foucault ; translated from the french by Richard Howard. |
| 260 | |a London : |b Routledge, |c 1995. | ||
| 300 | |a 299 σ. ; |c 19 εκ. | ||
| 500 | |a Τίτλος πρωτοτύπου: Histoire de la folie. | ||
| 650 | 0 | |a Mental illness. | |
| 650 | 0 | |a Mental illness |x History. | |
| 700 | 1 | |a Howard, Richard, |d 1929- |e trl | |
| 852 | |a INST |b LESVOS |e 19990908 |h 157.209033 FOU |p 005100015836 |q 005100015836 |t BK |y 4 |x 20191203 | ||
| 901 | |a BIBL1-1999-2 | ||
| 970 | |z 1999/09/08 |a ΚΑΜΑΤΣΟΥ |b ΔΕΣΠΟΙΝΑ | ||